000 00972cab a2200241 4500
001 ABS43424
008 090401t1990 xxu||||| |||| 00| 0 eng d
035 _a(Sirsi) u41645
041 _aeng
100 _aHargreave, H.
245 _aDiversification: problems for the tenant farmer
260 _c1990
350 _a0
490 _aSolicitors` Journal
_v134(37) 14 September 1990, 1032-1033(2)
520 _aDiscusses the legal problems which could arise if a farmer diversifies and puts aside part of his land for non-agricultural use. Such a move could lose him the protection of the Agricultural Holdings Act 1986 and the right of wives and relatives to qualify for a succession tenancy. Includes reference to case law .
650 _aPROPERTY-LANDLORD AND TENANT-TENANCIES-AGRICULTURAL TENANCIES
650 _aALTERNATIVE ENTERPRISES
650 _aDIVERSIFICATION
650 _aFARMING
690 _aRURAL PRACTICE
942 _n0
948 _c04/03/1997
999 _c26730
_d26730